Opisy ze Słownika Języka Polskiego #1 - Statystyki

Ogólne statystyki
  • Ten quiz został rozwiązany 473 razy
  • Średni wynik to 10 z 22
Statystyki odpowiedzi
Opis Wyraz % Poprawnych
B rz. Drzewo o białej lub szarej korze i drobnych liściach; też: drewno tego drzewa Brzoza
97%
C rz. Góralska laska z toporkiem lub z rączką w kształcie toporka Ciupaga
87%
I rz. Kopulasty domek Eskimosów z bloków lodu lub brył ubitego śniegu Igloo
80%
A rz. Stan poprzedzający zgon Agonia
77%
W rz. Teren, na którym są prowadzone prace archeologiczne Wykopalisko
68%
O rz. Kość łącząca mostek z łopatką Obojczyk
59%
K rz. Spektakl satyryczno-rozrywkowy; też: lokal, w którym odbywają się takie spektakle Kabaret
55%
G cz. Doprowadzać do porozumienia Godzić
54%
P rz. Krótkie, często dowcipne, podsumowanie jakiejś wypowiedzi lub utworu literackiego Puenta
54%
E rz. Tytuł książęcy władców niektórych państw arabskich; też: osoba nosząca ten tytuł Emir
53%
N rz. Tęsknota, zwłaszcza za krajem ojczystym Nostalgia
48%
S rz. Styl życia, obyczaje i ideologia polskiej szlachty XVII i XVIII w. Sarmatyzm
40%
F rz. Osoba trudniąca się spławem drewna Flisak
34%
L rz. Jednostka strumienia świetlnego Lumen
31%
D cz. Składać pieniądze lub przedmioty wartościowe w depozyt Deponować
24%
J cz. Wywoływać lub wzmagać ropienie rany Jątrzyć
21%
M przym. Wykonany lub doświadczony przez kogoś niezależnie od jego woli Mimowolny
21%
R rz. Okres spadku i zastoju w rozwoju gospodarczym Recesja
21%
T rz. Gazeta codzienna, mająca kolorowe zdjęcia i sensacyjną treść Tabloid
21%
Z rz. Podawany na ciepło deser z żółtek ubijanych na parze z cukrem i winem Zabaione
17%
U przym. O skutkach czegoś: niezaplanowane i zwykle niekorzystne Uboczny
10%
H rz. Ludowy taniec kubański, podobny do tanga; też: muzyka do tego tańca Habanera
8%
Nie znaleziono quizów pasujących do podanych kryteriów
Rozkład punktacji
Procent ludzi z każdym wynikiem
Percentyl według liczby udzielonych odpowiedzi
Twoja historia wyników
Nie rozwiązałeś tego quizu